00371nam a2200145Ia 4500008004100000020001500041041000800056082001900064100002300083245003700106260004000143300001400183365000700197650002100204210719s1983 xx 000 0 und d a0340275871 aeng a001.6424F RADC aRADFORD (Arthur S) aComputer programming in fortran. aHodder.bTeach Yourself Booksc1983 ax,238bPB cRs aComputer Science